| 000 | 01151cam4a220025300 4500 | ||
|---|---|---|---|
| 001 | qce02604799 | ||
| 005 | 20190813174638.0 | ||
| 008 | 720830s1971 it a 100 0 eng d | ||
| 035 | _a(Sirsi) r67588 | ||
| 035 | _a(QCAT)lss04928107 | ||
| 035 | _a(UPRA)qce02604799 | ||
| 040 | _dUPRA | ||
| 060 | 0 |
_aQZ 267 _bC644n 1971 |
|
| 111 | 2 |
_aClinical Oncology Seminar (1971 : Padua) _dClinical Oncology Seminar (1971 : Padua) _cClinical Oncology Seminar (1971 : Padua) _6A28350.1 |
|
| 245 | 1 | 0 |
_aNewer anticancer drugs and procedures : _bproceedings. M. Fiorentino, editor. |
| 260 |
_aPadova : _bPiccin, _c[c1971] |
||
| 500 | _aSummaries in Italian. | ||
| 504 | _aIncludes bibliographies. | ||
| 650 | 2 |
_aNeoplasms -- drug therapy -- congresses. _xNeoplasms -- drug therapy -- congresses. _xNeoplasms -- drug therapy -- congresses. _6S20471.1 |
|
| 650 | 2 |
_aAntineoplastic Agents -- therapeutic use -- congresses. _xAntineoplastic Agents -- therapeutic use -- congresses. _xAntineoplastic Agents -- therapeutic use -- congresses. _6S20472.1 |
|
| 700 | 1 |
_aFiorentino, Mario. _6A28351.1 |
|
| 949 |
_aRC271 _wLC _i-90560 _mMEDICAL _tBOOK _lON-SHELF |
||
| 004 | 67588 | ||
| 999 |
_c43734 _d43734 |
||